| 000 | 00770nas a2200265 4500 | ||
|---|---|---|---|
| 001 | BR0804956 | ||
| 003 | BR-BrBNA | ||
| 005 | 20231205112357.0 | ||
| 007 | ta | ||
| 008 | 230509b bl.|||p| |||| 00| 00por d | ||
| 040 |
_aBR-BrBNA _bpor _cBiblioteca Nacional de Agricultura |
||
| 041 | _a(Pt) | ||
| 072 | _aL70 | ||
| 100 | 1 | _aSevero, M.S. | |
| 100 | 1 | _aTudury, E.A. | |
| 100 | 1 | _aArias, M.V.B. | |
| 245 | 1 | _aTratamento médico do trauma e da compressão à medula espinhal de cães e gatos | |
| 650 | _aCÃO | ||
| 650 | _aGATO | ||
| 650 | _aMEDULA ESPINAL | ||
| 650 | _aTRATAMENTO | ||
| 773 | 0 |
_tMedicina Veterinaria (Brazil) _xISSN 1809-4678 _g(Jul-Dec 2007), v. 1(2) p. 86-95 _wBR0804956 |
|
| 909 |
_a202311 _bLúcia _c55 _dLúcia Elande |
||
| 942 |
_2AGRIS _n0 _cANA |
||
| 999 |
_c197722 _d197722 |
||